Statistiques concernant Tracklist NQNT 2 - Vald

Cliquez ici pour prendre le quiz!

Statistiques générales

  • Ce quiz a été pris 10 fois
  • Le résultat moyen est 7 sur 11

Statistiques - réponses

Réponse% Correct
Infanticide
88%
Bonjour
75%
Selfie
75%
Taga
75%
Urbanisme
75%
Cartes sous l'coude
63%
Ogre
63%
Promesse
63%
Quidam
63%
Retour
63%
Jeoffrey
38%

Distribution des résultats

Percentile par nombre de réponses

% des personnes avec chaque résultat

Votre développement - résultats

Vous n’avez pas pris ce quiz